000 00479nam a2200181Ia 4500
001 23783
005 20260414151000.0
008 260414t2005||||xx |||||||||||||| ||spa||
041 _aESP
082 _a709.03298
_bM44
100 _aMesa, José de
_eAUT
245 0 _aEl manierismo en los Andes :
_bmemoria del III Encuentro International sobre Barroco
260 _c2005
300 _a119 páginas :
_c28 cm.
650 _aABD
654 _aCAU
942 _cLIB
_dJUS
_fJUS
_2ddc
_n
999 _c23783
_d23783